| Поле | Инд. | ПП | Название | Значение |
|---|---|---|---|---|
| Тип записи | a | |||
| Библиографический уровень | m | |||
| 001 | Контрольный номер | e330062c-8e50-4951-987e-84ac75579b82 | ||
| 005 | Дата корректировки | 20140703143841.9 | ||
| 008 | Кодируемые данные | 060505 | ||
| 020 | a | ISBN | 5-317-01388-7 | |
| c | Цена, тираж | 340.00 | ||
| 040 | a | Служба первич. каталог. | НБ ТвГУ | |
| 041 | a | Код языка текста | rus | |
| 080 | a | Индекс УДК | 330.4(075.8) | |
| 084 | a | Индекс другой классификации/Индекс ББК | У.в635я73-1 | |
| a | Индекс другой классификации/Индекс ББК | У.в631.0я73-1 | ||
| 090 | a | Полочн. индекс | У.в635 | |
| x | Авторский знак | В19 | ||
| 100 | 1_ | a | Автор | Васин Александр Алексеевич |
| 245 | 10 | a | Заглавие | Теория игр и модели математической экономики |
| b | Продолж. заглавия | учеб. пособие для студентов, обучающихся по направлению 510200 - Прикл. математика и информатика и по специальности 010200 - Прикл. математика и информатика | ||
| c | Ответственность | А. А. Васин, В. В. Морозов | ||
| 260 | 0_ | a | Место издания | Москва |
| b | Издательство | МАКС Пресс | ||
| c | Дата издания | 2005 | ||
| 300 | a | Объем | 271 с. | |
| b | Иллюстрации/ тип воспроизводства | ил., табл. | ||
| 504 | a | Библиография | Библиогр.: с. 260-268. - Предм. указ.: с. 269-271. | |
| 583 | a | Действие | Получение впервые 165 05.05.2006 | |
| k | Исполнитель действия | ООО "Книжный мир" | ||
| 583 | a | Действие | Приписка 108 15.05.2007 | |
| k | Исполнитель действия | ОАО "БИБКОМ" | ||
| 650 | a | Основная рубрика | Экономика | |
| x | Основная подрубрика | Игр теория | ||
| x | Основная подрубрика | Математические методы | ||
| x | Основная подрубрика | Моделирование | ||
| 650 | a | Основная рубрика | Математическая экономика | |
| x | Основная подрубрика | Учебники для вузов | ||
| 650 | a | Основная рубрика | Экономико-математические методы и модели | |
| 653 | a | Ключевые слова | Математическая экономика | |
| a | Ключевые слова | Математические методы в экономике | ||
| a | Ключевые слова | Математическое моделирование | ||
| a | Ключевые слова | Моделирование в экономике | ||
| a | Ключевые слова | Теория игр | ||
| a | Ключевые слова | Экономика | ||
| a | Ключевые слова | Экономико-математические методы | ||
| a | Ключевые слова | Экономико-математические модели | ||
| a | Ключевые слова | Экономические модели | ||
| 700 | 1_ | a | Другие авторы | Морозов Владимир Викторович |
| e | Роль лиц | авт. | ||
| 852 | t | Порядковый номер экземпляра | 15 | |
| p | Инвентарный номер | 841301 | ||
| p | Инвентарный номер | 841302 | ||
| p | Инвентарный номер | 841303 | ||
| p | Инвентарный номер | 841304 | ||
| p | Инвентарный номер | 841305 | ||
| p | Инвентарный номер | 841306 | ||
| p | Инвентарный номер | 841307 | ||
| p | Инвентарный номер | 841308 | ||
| p | Инвентарный номер | 841309 | ||
| p | Инвентарный номер | 841310 | ||
| p | Инвентарный номер | 841311 | ||
| p | Инвентарный номер | 841312 | ||
| p | Инвентарный номер | 841313 | ||
| p | Инвентарный номер | 841314 | ||
| p | Инвентарный номер | 841315 | ||
| 852 | t | Порядковый номер экземпляра | 3 | |
| p | Инвентарный номер | 875319 273.15 | ||
| p | Инвентарный номер | 875320 273.15 | ||
| p | Инвентарный номер | 875321 273.15 | ||
| 863 | t | 00143414 | ||
| 863 | t | 00143413 | ||
| 863 | t | 00143412 | ||
| 863 | t | 00143411 | ||
| 863 | t | 00143410 | ||
| 863 | t | 00143409 | ||
| 863 | t | 00143408 | ||
| 863 | t | 00143407 | ||
| 863 | t | 00143406 | ||
| 863 | t | 00143405 | ||
| 863 | t | 00143404 | ||
| 863 | t | 00143403 | ||
| 863 | t | 00143402 | ||
| 863 | t | 00143401 | ||
| 863 | t | 00143400 | ||
| 863 | t | 00162647 | ||
| 863 | t | 00162646 | ||
| 863 | t | 00162645 | ||
| 888 | a | За счет средств университета | ||
| 930 | a | Новая/Ретро | учебники | |
| 952 | p | 165.2006 340.00 1 841301 | ||
| p | 165.2006 340.00 1 841302 | |||
| p | 165.2006 340.00 1 841303 | |||
| p | 165.2006 340.00 1 841304 | |||
| p | 165.2006 340.00 1 841305 | |||
| p | 165.2006 340.00 1 841306 | |||
| p | 165.2006 340.00 1 841307 | |||
| p | 165.2006 340.00 1 841308 | |||
| p | 165.2006 340.00 1 841309 | |||
| p | 165.2006 340.00 1 841310 | |||
| p | 165.2006 340.00 1 841311 | |||
| p | 165.2006 340.00 1 841312 | |||
| p | 165.2006 340.00 1 841313 | |||
| p | 165.2006 340.00 1 841314 | |||
| p | 165.2006 340.00 1 841315 | |||
| p | 108.2007 273.15 1 875319 | |||
| p | 108.2007 273.15 1 875320 | |||
| p | 108.2007 273.15 1 875321 | |||
| c | Вид литературы | К ру | ||
| 954 | a | Дата поступления на обработку | 20060506 | |
| 999 | a | Подразделение 2 | Фил3 | |
| a | Подразделение 2 | Фил1 |